000 00338nam a2200133Ia 4500
008 230818s2005 xx 000 0 und d
041 _aeng
100 _aCostantino
245 _aThe Hand book of Energy Drinks
260 _bSil verdale book wigston
_c2005
300 _a256p
520 _aGeneral
999 _c852657
_d852657
650 _aFood and Beverage service